01647nam a2200265 i 4500003000900000005001700009007000300026008004100029020001800070040003000088082001800118100003800136245005000174250002200224264005800246300002800304520056200332590002700894910001400921942001400935952013500949952014001084952014001224999001701364DO-SdBNP20250625093842.0ta250625b2024 dr ||||| |||| 00| 0 spa d a9789945801941 aDO-SdBNPbspacBNPHUerda axxxbD5422221 aDíaz, Joséeautor4aut.9944810aDomislang :bthe dictionary /cJosé Díaz  aPrimera edición 4a[Santo Domingo] :b[editor no identificado],c©2024. a255 páginas ;c23 cm. aEste libro es una guía completa para comprender el español dominicano y sus particularidades. Incluye: - Guía del Español Dominicano: Explicaciones detalladas sobre las diferencias de nuestro lenguaje con respecto a otros países. - El ciccionario: Palabras comunes usadas en la República Dominicana, con ejemplos, sinónimos, antónimos y explicaciones de su uso. - Frases Dominicanas: Frases y expresiones populares únicas de los dominicanos. - Palabras Vulgares: Términos que no suelen encontrarse en los diccionarios tradicionales. aInventariado, 2025/ YL aYLockward 2ddccLBS1 00102ddc51708PDaBNPHUbBNPHUcCTd2025-03-04eDepósito Legall0oBNPHU PD xxx D542p2025-3001r2025-04-09w2025-04-09yLBS1 00102ddc51708PDaBNPHUbBNPHUcCTd2025-03-04eDepósito Legall0oBNPHU PD xxx D542p2025-3002r2025-04-09te.2w2025-04-09yLBS1 00102ddc56708DSaBNPHUbBNPHUcCTd2025-03-04eDepósito Legall0oBNPHU DS xxx D542p2025-3004r2025-04-09te.3w2025-04-09yLBS1 c58680d58680